Clic Quel pays d'Afrique a ce point culminant ? - Statistiques

Statistiques générales
  • Ce quiz a été pris 12 fois
  • Le résultat moyen est 7 sur 52
Statistiques - réponses
Hint Extra Hint Réponse % Correct
Mont Cameroun 4095 m / Ligne du Cameroun Cameroun
91%
Mont Kenya 5199 m / Vallée du Grand Rift Kenya
91%
Mont Sainte-Catherine 2629 m / Sinaï Égypte
55%
Morne Seychellois 880 m / Mahé Seychelles
55%
Kilimandjaro 5892 m / Vallée du Grand Rift Tanzanie
55%
Karthala 2360 m / Grande Comore Comores
45%
Djebel Toubkal 4185 m / Haut Atlas Maroc
45%
Tahat 2918 m / Hoggar Algérie
36%
Djebel Chambi 1544 m / Dorsale tunisienne Tunisie
36%
Mafadi 3450 m / Drakensberg Afrique-du-Sud
27%
Mont Heha 2684 m / Plateaux du Burundi Burundi
27%
Maromokotro 2876 m / Massif Tsaratanana Madagascar
27%
Pico do Fogo 2829 m / Massif du Fogo Cap-Vert
18%
Mont Nimba 1752 m / Chaîne du Nimba Côte d'Ivoire | Guinée
9%
Mont Soira 3018 m / Plateaux d'Éthiopie Érythrée
9%
Ras Dashan 4533 m / Monts Simien Ethiopie
9%
Mont Bengoué 1020 m / Province d'Ogooué-Ivindo Gabon
9%
Red Rock 53 m / Collines Gambie
9%
Mont Torin 262 m / Collines Guinée-Bissau
9%
Pico Basilé 3008 m / Ligne du Cameroun Guinée équatoriale
9%
Königstein 2606 m / Massif du Brandberg Namibie
9%
Chappal Waddi 2419 m / Ligne du Cameroun Nigeria
9%
Mont Karisimbi 4519 m / Montagnes des Virunga Rwanda
9%
Emi Koussi 3445 m / Massif du Tibesti Tchad
9%
Morro de Môco 2620 m / Serra Môco Angola
0%
Mont Sokbaro 581 m / Chaîne de l'Atacora Bénin
0%
Otse Hill 1440 m / Colline du district sud-est Botswana
0%
Tenakourou 658 m / Province de Léraba Burkina Faso
0%
Mont Ngaoui 1155 m / Massif de l'Adamaoua Centrafrique
0%
Mont Nabemba 986 m / Région de Sangha Congo
0%
Mousa Alli 2028 m / Vallée du Grand Rift Djibouti
0%
Emlembe 1862 m / Drakensberg Eswatini
0%
Mont Afadjato 828 m / Chaîne d'Agumatsa Ghana
0%
Thabana Ntlenyana 3482 m / Drakensberg Lesotho
0%
Mont Wuteve 1420 m / Plateaux de Guinée Liberia
0%
Bikku Bitti 2267 m / Massif du Tibesti Libye
0%
Sapitwa 3002 m / Massif Mulanje Malawi
0%
Hombori Tondo 1070 m / Falaise de Badiagara Mali
0%
Piton de la Petite Rivière Noire 749 m / Chaîne de la Rivière Noire Maurice
0%
Kedia d'Idjil 905 m / Wilaya de Tiris Zemmour Mauritanie
0%
Mont Binga 2436 m / Chimanimani Mozambique
0%
Mont Indoukat-n-Taglès 2022 m / Massif de l'Aïr Niger
0%
Mont Stanley 5110 m / Rwenzori Ouganda | RD Congo
0%
Pico de *** 2024 m / Ligne du Cameroun Sao Tomé-et-Principe
0%
Nepen Diakha 300 m / Fouta-Djalon Sénégal
0%
Loma Mansa 1948 m / Monts Loma Sierra Leone
0%
Shimbiris 2450 m / Surud Somalie
0%
Djebel Marra 3042 m / Monts Marrah Soudan
0%
Kinyeti 3187 m / Monts Imatong Soudan-du-Sud
0%
Mont Agou 915 m / Chaîne de l'Atacora Togo
0%
Mafinga Hills 2301 m / Vallée du Grand Rift Zambie
0%
Nyangani 2592 m / Monts Inyanga Zimbabwe
0%
Aucun quiz correspondant
Distribution des résultats
% des personnes avec chaque résultat
Percentile par nombre de réponses
Votre historique - résultats
Vous n’avez pas pris ce quiz